Statistics for WW2 Quiz (for dummies)

Click here to take the quiz!

General Stats

  • This quiz has been taken 114 times
  • The average score is 12 of 15

Answer Stats

QuestionAnswer% Correct
WW2 started because...Germany declared War on Poland
98%
USA declared war on Japan because...Japanese attack on the hawaiian islands
98%
How did Hilter die?Shot himself
98%
Who was the british prime minister during most of the War?Winston Churchill
95%
World War 2 started on the...1st of september 1939
94%
The Soviet Leader in the War was...Stalin
93%
Auschwitz was...a concentration Camp
91%
on the 21st of april 1945 was...The battle of Berlin
85%
Stalin at the beginning of the War wanted...Influence over eastern Europe
84%
The 9th of may 1945 was...the day of the surrender of the germans
84%
Mussolini (Italian Leader) died in...north Italy in a Village
76%
Germany declared War on the USSR on the...22nd of june 1941
73%
the 6th of june 1944 was...the day of the liberation of France
73%
The German Operation into the Caucasus was called...Operation Fallblau
44%
Japan wanted...East Asia and the USA
41%

Score Distribution

Percentile by Number Answered

Percent of People with Each Score

Your Score History

You have not taken this quiz